| 000 | 00607cam a2200193 4500 | ||
|---|---|---|---|
| 001 | 3534 | ||
| 005 | 20181127171424.0 | ||
| 008 | 100826s2009 ii b 001 0 eng | ||
| 010 | _a 2010327718 | ||
| 020 | _a8178960699 | ||
| 100 | 1 | _aGammage, Susan. | |
| 245 | 1 | 0 |
_aViolence and abuse : _breasons and remedies / _cSusan Gammage. |
| 250 | _a1st ed. | ||
| 260 |
_aNew Delhi : _bBaha'i Publishing Trust, _c2009. |
||
| 300 |
_axxviii, 225 p. ; _c23 cm. |
||
| 504 | _aIncludes bibliographical references (p. 191-217) and index. | ||
| 650 | 0 | _aBahai Faith and social problems. | |
| 710 | 2 | _aBaha'i Publishing Trust. | |
| 999 |
_c2871 _d2871 |
||